Betrayed promoting inclusive development in fragile states
Guardado en:
| Autor principal: | |
|---|---|
| Formato: | Libro |
| Lenguaje: | inglés |
| Publicado: |
New York
Palgrave Macmillan
2016
|
| Materias: | |
| Etiquetas: |
Sin Etiquetas, Sea el primero en etiquetar este registro!
|
MARC
| LEADER | 00000nam a2200000 4500 | ||
|---|---|---|---|
| 001 | 0224055 | ||
| 005 | 20240229084846.2 | ||
| 020 | |a 978-1-137-51842-2 | ||
| 020 | |a 978-1-137-35303-0 | ||
| 041 | 0 | |a eng | |
| 044 | |a US | ||
| 245 | 1 | 0 | |a Betrayed |b promoting inclusive development in fragile states |c Seth D. Kaplan |
| 264 | 1 | |a New York |b Palgrave Macmillan |c 2016 | |
| 300 | |a 294 s. | ||
| 610 | 2 | 0 | |a krajiny rozvojové |
| 610 | 2 | 0 | |a rozvoj hospodársky |
| 610 | 2 | 0 | |a problémy spoločenské |
| 610 | 2 | 0 | |a chudobní |
| 610 | 2 | 0 | |a bohatí |
| 610 | 2 | 0 | |a diskriminácia |
| 610 | 2 | 0 | |a nerovnosť sociálna |
| 610 | 2 | 0 | |a úroveň životná |
| 610 | 2 | 0 | |a politika |
| 610 | 2 | 0 | |a podnikanie rizikové |
| 610 | 2 | 0 | |a kriminalita |
| 610 | 2 | 0 | |a korupcia |
| 610 | 2 | 0 | |a elity |
| 610 | 2 | 0 | |a Afrika |
| 100 | 1 | |a Kaplan, Seth D. | |